Loading...
| Social Science | 0 | 2 | 0 | 0 | 20 | 58 | 63.00 | 1 | 1 | 12.15 | 26.53 |
| Religion | 0 | 2 | 1 | 0 | 15 | 60 | 66.00 | 2 | 2 | 0.00 | 0.00 |
| History - European | 0 | 1 | 0 | 0 | 10 | 73 | 73.00 | 0 | 0 | 2.75 | 5.56 |
| Popular Culture | 0 | 1 | 0 | 0 | 10 | 21 | 21.00 | 1 | 1 | 0.00 | 0.00 |
| Literature - American | 0 | 1 | 0 | 0 | 10 | 51 | 51.00 | 0 | 1 | 0.00 | 0.00 |
| Science - Other | 0 | 1 | 0 | 0 | 10 | 79 | 79.00 | 0 | 1 | 4.25 | 10.00 |
| History - World | 0 | 1 | 0 | 1 | 10 | 85 | 85.00 | 1 | 1 | 0.00 | 0.00 |
| History - American | 0 | 1 | 0 | 0 | 10 | 51 | 51.00 | 0 | 1 | 0.00 | 0.00 |
| Fine Arts - Painting and Sculpture | 0 | 1 | 1 | 0 | 5 | 80 | 80.00 | 1 | 1 | 0.00 | 0.00 |
| Mythology | 0 | 1 | 2 | 0 | 0 | 43 | 43.00 | 0 | 1 | 7.05 | 12.50 |
| History - Other | 0 | 1 | 2 | 0 | 0 | 102 | 102.00 | 0 | 1 | 12.73 | 25.00 |
| Literature - World | 0 | 0 | 1 | 0 | -5 | 0.00 | 0 | 0 | 0.00 | 0.00 |